000
00281nam a2200109Ia 4500
008
220204s9999 xx 000 0 und d
082
_a
065
_b
KOO
245
0
_a
Toward a unified theory of management
260
_a
New York
_b
McGraw Hill
_c
1964
700
_a
Koontz, Harold
942
_c
BK
999
_c
24636
_d
24636